Hessische Städte - Statistiken

Allgemein
  • Dieses Quiz wurde 38 mal gespielt
  • Das Durchschnittsergebnis liegt bei 9 aus 15
Answers on the Grid
Answers color-coded by a green-red scale on the quiz's grid according to % correct below.
Frankfurt am Main
Mainz
Fulda
Gießen
Luzern
Aschaffenburg
Würzburg
Heidelberg
Mannheim
Kassel
Darmstadt
Bensheim
Viernheim
Marburg
Magdeburg
Wiesbaden
Wixhausen
Ludwigshafen
Worms
Wetzlar
Mosbach
Berlin
Paderborn
Lauterbach
Limburg an der Lahn
Frankfurt an der Oder
Butzbach
Offenbach am Main
Hanau
Trier
 
Antwortstatistiken
Antwort % Korrekt
Frankfurt am Main
89%
Gießen
85%
Darmstadt
81%
Kassel
81%
Fulda
78%
Marburg
67%
Wiesbaden
67%
Bensheim
63%
Hanau
63%
Offenbach am Main
63%
Limburg an der Lahn
52%
Wetzlar
44%
Lauterbach
37%
Butzbach
30%
Wixhausen
19%
Keine übereinstimmenden Quizze gefunden
Verteilung der Resultate
Anzahl Personen mit jedem Resultat
Perzentil nach korrekt beantworteten Fragen
Ihre Resultats-Entwicklung
Sie haben dieses Quiz noch nicht gespielt